000 00511nam a2200157Ia 4500
008 220216s9999 xx 000 0 und d
100 _aSailajadevi T.
245 0 _aDrought management in plantation crops
260 _bProceedings of the National Seminar on Drought Management in Plantation Crops, 7-8 February 1996, Kottayam, India.
_c1996
650 _aDrought management
650 _aPlantation crop
700 _aJayarathnam K.
700 _aKothandaraman R.
700 _aSethuraj M.R.
942 _cBS
999 _c52875
_d52875